The multiple staff and the larger church. (Record no. 9083)

000 -LEADER
fixed length control field 00608nam a2200205 a 4500
001 - CONTROL NUMBER
control field :::00006864$&:&@@
003 - CONTROL NUMBER IDENTIFIER
control field OkBaRHE
005 - DATE AND TIME OF LATEST TRANSACTION
control field 20000607103333.0
008 - FIXED-LENGTH DATA ELEMENTS--GENERAL INFORMATION
fixed length control field s1980 j 000 0 eng u
040 ## - CATALOGING SOURCE
Transcribing agency
100 1# - MAIN ENTRY--PERSONAL NAME
Personal name Schaller, Lyle E.
245 14 - TITLE STATEMENT
Title The multiple staff and the larger church.
260 ## - PUBLICATION, DISTRIBUTION, ETC. (IMPRINT)
Place of publication, distribution, etc Nashville, TN., :
Name of publisher, distributor, etc Abingdon Press
Date of publication, distribution, etc c1980
300 ## - PHYSICAL DESCRIPTION
Extent 142 p. ;
Dimensions 20 cm.
650 ## - SUBJECT ADDED ENTRY--TOPICAL TERM
Topical term or geographic name as entry element Big Churches
650 ## - SUBJECT ADDED ENTRY--TOPICAL TERM
Topical term or geographic name as entry element Church Officers
650 ## - SUBJECT ADDED ENTRY--TOPICAL TERM
Topical term or geographic name as entry element Clergy
General subdivision Office
942 ## - ADDED ENTRY ELEMENTS (KOHA)
Source of classification or shelving scheme
Koha item type Books
Copies
Date last seen Source of classification or shelving scheme Damaged status Koha item type Full call number Lost status Withdrawn status Price effective from Date acquired Shelving location Not for loan Permanent Location Copy number Barcode
2010-04-14  BooksBV 637.9 .S32  2010-04-142010-04-14General Stacks RHEMA Bible Training College16864